000 01537nas a2200265 454500
001 1332
005 20260407193503.0
008 260407s1981####ag###########|||spa#d
003 AR-UNSa-BCEJYS
040 _aAR-UNSa-BCEJYS
_bspa
_cAR-UNSa-BCEJYS
080 _a338.1
_xSituación económica. Ciclos. Desarrollo de la estructura económica
245 1 0 _aRevista de la bolsa de comercio de Rosario
022 _a 0326-2308
264 1 _aRosario :
_bBolsa de Comercio de Rosario
_c1981
310 _aFrecuencia: Cuatrimestral
505 _aCambia Dir. a partir del Nº 1430 por Víctor M. Cabanellas, Cambia Dir. a partir del Nº 1446 por Federico E. Boglione, Cambia Dir. a partir del Nº 1454 por Juan Carlos Meroi, Cambia Dir. a partir del Nº 1458 por Hugo O.B. Grassi, Cambia Dir. a partir del Nº 1463 por Cristián F. Amuchástegui, Cambia Dir. a partir del Nº 1473 por Nicanor D. Sodiro, Cambia Dir. a partir del Nº 1488 por Federico E. Boglione, Cambia Dir. a partir del Nº 1497 por Jorge E. Weskamp, Cambia Dir. a partir del Nº 1509 por Cristián F. Amuchástegui,Cambia Dir. a partir del Nº 1521 por Raúl R. Meroi, Cambia Dir. a partir del Nº 1526 por Alberto A. Padoán
942 _cSER
590 _aniveau_biblio:s niveau_hierar:1
100 1 _aZambruni, José A.
650 _aAgricultura
650 _aComercio internacional
650 _aFinanzas
650 _a6.25 Economía
856 4 1 _uhttps://biblioeco.unsa.edu.ar/pmb/images/revistas/Bolsa de Comercio de Rosario.jpg
_yImagen de portada
_qimage/jpeg
999 _c8379
_d8379